00629nam a2200157 a 450000500170000000800410001702000180005805000220007610000210009824500990011926000530021830000220027152001400029365000150043365000230044820140412111259.0010423s19uu xx 00 eng d a0-7214-7383-0 aM 843.6bD95 1998 aDumas, Alexandre aThree musketeers /cby Alexander Dumas; retold by Joan Cameron ; illustrated by David Barnett. aLeicestershire, UK :bLadybird Books Ltd,c1998. a1v. (unp.) ; ill. aD' Artagnan comes to Paris hoping to become a Musketeer and soon finds himself caught up in high adventure and intrigue at royal court. aFolk Tales aChildren's stories